000 00467nam a22001817a 4500
005 20221115115121.0
008 221115b ||||| |||| 00| 0 eng d
040 _cAL
041 _aEnglish
082 _223
_a338.4791
_bHARS
100 _aHaryana Tourism
_961999
245 _aSurajkund Crafts Mela
260 _aNew Delhi
_bHaryana Tourism
300 _a44 p.
_bPB
_c21x12 cm.
650 _aCrafts
_962000
700 _aHARYANA TOURISM
_962001
942 _2ddc
_cGF
999 _c225156
_d225156